MACROECONOMICS FOR TODAY (Record no. 74150)
[ view plain ]
| 000 -LEADER | |
|---|---|
| fixed length control field | 00234nam a2200097Ia 4500 |
| 050 ## - LIBRARY OF CONGRESS CALL NUMBER | |
| Classification number | HB 172.5.T83 2003 |
| 100 ## - MAIN ENTRY--PERSONAL NAME | |
| Personal name | IRVIN B. TUCKER |
| 245 #0 - TITLE STATEMENT | |
| Title | MACROECONOMICS FOR TODAY |
| 942 ## - ADDED ENTRY ELEMENTS (KOHA) | |
| Koha item type | Long Loan Book |
| Withdrawn status | Lost status | Source of classification or shelving scheme | Damaged status | Not for loan | Collection | Home library | Current library | Shelving location | Date acquired | Inventory number | Total checkouts | Full call number | Barcode | Date last seen | Date last checked out | Copy number | Price effective from | Koha item type |
|---|---|---|---|---|---|---|---|---|---|---|---|---|---|---|---|---|---|---|
| Library of Congress Classification | Business & Economics | Kisii University Library | Kisii University Library | On Display | 04/22/2024 | 71211 | 1 | HB 172.5 .T83 2003 | 001298 | 11/27/2024 | 11/18/2024 | C.5 | 04/22/2024 | Long Loan Book | ||||
| Library of Congress Classification | Business & Economics | Kisii University Library | Kisii University Library | On Display | 04/22/2024 | 61176 | 1 | HB 172.5 .T83 2003 | 001598 | 02/27/2025 | 02/17/2025 | C.4 | 04/22/2024 | Long Loan Book | ||||
| Library of Congress Classification | Business & Economics | Kisii University Library | Kisii University Library | On Display | 04/22/2024 | 61175 | HB 172.5 .T83 2003 | 001396 | 04/22/2024 | C.3 | 04/22/2024 | Long Loan Book | ||||||
| Library of Congress Classification | Business & Economics | Kisii University Library | Kisii University Library | On Display | 04/22/2024 | 57407 | HB 172.5 .T83 2003 | 018074 | 04/22/2024 | C.1 | 04/22/2024 | Long Loan Book | ||||||
| Library of Congress Classification | Business & Economics | Kisii University Library | Kisii University Library | On Display | 04/22/2024 | 57410 | HB 172.5 .T83 2003 | 018159 | 04/22/2024 | C.2 | 04/22/2024 | Long Loan Book |